000 00715nam a2200289Ia 4500
005 20260324112738.0
008 008 260324s9999 xx 000 0 eng d
020 _a9781003460572
037 _aEBOOK
040 _aCRL
040 _beng
040 _cCRL
041 _2eng
041 _aeng
084 _qCRL
100 _aGuillaume Plaisance; Anne Goujon Belghit
_91143968
245 0 _aNon-profit Governance
245 0 _bTwelve Frameworks for Organisations and Research
260 _bTaylor and Francis
260 _c2024
365 _a
365 _b220
856 _uhttp://www.taylorfrancis.com/books/9781003460572
942 _cEBOOK
999 _c1733296
_d1733296